[Event "golden"]
[Site "?"]
[Date "2003.06.11"]
[Round "10"]
[White "Elgindy"]
[Black "Malakhatko, Vadim"]
[Result "1-0"]
[WhiteElo "2473"]
[BlackElo "2503"]
[PlyCount "161"]
[EventDate "2002.05.13"]

1. d4 d5 2. c4 c6 3. e3 Nf6 4. Nf3 Bg4 5. Nbd2 (5. h3 Bxf3 6. Qxf3 e6 7. Nc3
Nbd7 8. Bd3 Bd6 9. O-O O-O 10. Rd1 Qe7 11. Bd2 Rad8 12. Rac1 Rfe8 13. e4 e5 14.
Be3 exd4) (5. h3 Bxf3 6. Qxf3 e6 7. Nc3 Nbd7 8. Bd3 Bd6 9. O-O O-O 10. Rd1 Qe7
11. Bd2 Rad8 12. Rac1 Rfe8 13. e4 e5 14. Be3 exd4) 5... e6 6. Bd3 Nbd7 7. O-O
Be7 (7... Bd6 8. b3 O-O 9. Bb2) 8. b3 O-O 9. Bb2 Bh5 10. Qc2 Bg6 11. e4 (11.
Bxg6 hxg6 12. e4 dxe4 13. Nxe4 Nxe4 14. Qxe4 a5) 11... dxe4 12. Nxe4 Nxe4 13.
Bxe4 Bxe4 14. Qxe4 Re8 15. Rfd1 a5 16. a3 Qb6 17. Rd3 Rad8 18. Rad1 Qa6 19. a4
(19. Ne5 $5 Nxe5 20. dxe5 Qb6 21. h3 Rxd3 22. Rxd3 Rd8 23. Bd4 Qc7 24. Bb2 Qb6)
19... Qb6 (19... b5 20. Ne5 (20. axb5 cxb5 21. d5 (21. c5 Nf6 22. Qe1 Nd5 23.
Ra1 Ra8 24. Ne5 a4 (24... g6 25. Bc1 Bf6 26. Bd2 a4 27. bxa4 bxa4 28. Rda3 Qb5
29. Rb1 Qa6 30. Qd1 Bxe5 31. dxe5 Rec8 32. Rba1 Qb5 33. Rxa4 Rxa4 34. Rxa4 Qxc5
35. Qa1) 25. Qe4) (21. Ne5 Nxe5 22. dxe5 bxc4 23. bxc4) 21... Nc5 22. Qg4 Bf8
23. Re3 (23. Ng5 Nxd3 24. Qh5 h6 25. Qxf7+ Kh8) 23... bxc4 24. bxc4 exd5 25.
Rxd5 Qb7) 20... Nxe5 21. dxe5 Rxd3 22. Qxd3 (22. Rxd3 bxa4 23. bxa4 Qb6 24. Qe2
Rd8) 22... bxa4 23. bxa4 Qb6 24. Bd4 Qb4 25. Qc2 Rb8) 20. Bc1 Nf6 21. Qe1 Bb4
22. Qe2 Qc7 23. Ne5 (23. Bg5 Be7 24. Ne5 Nd7 25. Bf4 Bd6) 23... Nd7 24. Ng4 (
24. Bg5 $5 f6 25. Nxd7 Rxd7 26. Bd2 Bxd2 27. R1xd2) (24. Bf4 f6 25. Nxd7 (25.
Nf7 Qxf4 26. Nxd8 Rxd8 27. Qxe6+ Kh8) 25... Qxf4 26. Nc5 Bxc5 27. dxc5 Rxd3 28.
Qxd3 Qc7 29. Qd7 Qxd7 (29... Re7 30. Qd6 Kf7 31. f4 e5 32. fxe5 fxe5) 30. Rxd7
Rb8 31. Rc7) 24... Be7 25. Rg3 Nf6 (25... Bd6 $2 26. Nh6+ Kf8 27. Rxg7 $1 $18)
26. Ne5 c5 27. Qf3 $1 (27. Rdd3 $5 g6 28. Bb2 cxd4 29. Bxd4) (27. Bh6 g6 28.
Bf4 Qb6 29. dxc5 Rxd1+ 30. Qxd1 Bxc5) 27... Rxd4 $1 (27... g6 28. Bg5 Rxd4 (
28... Kg7 29. Qf4 Rxd4 30. Rxd4 cxd4 31. Bh6+ Kg8 32. Nxg6 $18 Qxf4 33. Nxe7+
Kh8 34. Bg7#) 29. Rxd4 Qxe5 30. Rd1 Ne4 31. Bxe7) (27... Rf8 28. Rxg7+ Kxg7 29.
Qg3+ Kh8 30. Nxf7+ Rxf7 31. Qxc7) 28. Rxd4 Qxe5 $1 29. Rd1 Ne4 30. Bb2 Qxb2 31.
Qxe4 Bf6 $1 32. Qxb7 Bd4 33. Rf3 Rf8 34. Qe4 g6 35. h4 (35. g4 Rb8 36. Qf4 Rb7
37. g5 e5 (37... Qe2 38. Rf1 e5 39. Qg4 e4 40. Qc8+ Kg7 41. Rg3 Re7)) (35. Rf1
Kg7 36. Rd3 e5 37. Qh4 Qe2 38. Rh3 h5 39. Qg5 f6 40. Qc1 Re8 $44) 35... h5 36.
g3 (36. g4 $5 hxg4 37. Qxg4 Qe2 38. Rf1 Rb8 39. Qf4 Rb7 40. h5 e5 41. Qg3 e4
42. Rf4 Rb6 (42... Qxh5 43. Rxe4) 43. Kg2) 36... Kg7 37. Kg2 e5 38. Qe1 f5 39.
Rd2 Qa3 40. Re3 (40. Rxd4 $1 exd4 41. Qxa5 Rf7 (41... Re8 42. Qc7+ Kf6 (42...
Kg8 43. Rd3 Re1 44. Qd6 $18) 43. Rd3 Re6 44. a5 Qb4 45. Qd8+ Kf7 46. Qd7+ Re7
47. Qb5 Rb7 48. Qc6 Re7 (48... Ra7 49. Qd5+ Kf8 50. Qd6+ Kf7 51. Rxd4) 49. a6)
42. Qb6 $16 Re7 43. Rd3 Rf7 44. Qd6 Rf6 45. Qe7+ Rf7 46. Qe5+ Kh7 47. Qd6 $18)
40... e4 (40... Bxe3 41. Qxe3 $18) 41. Qd1 (41. f3 Bxe3 42. Qxe3 Rf7 43. fxe4
fxe4 44. Qxe4 Qxb3 45. Qe5+ Kh7 46. Qxc5 Qxa4) 41... Bxe3 (41... Rd8 42. f3
Bxe3 (42... Qb4 43. fxe4 Qb7 44. Qf3 $18) 43. Rxd8 Qb2+ 44. Kh3 Bd4 45. fxe4
Qf2 46. Qd3 Qe1 47. Qf3 $18) 42. fxe3 Rf7 $11 43. Kh3 Kh7 44. Rd8 (44. Rd7 Rxd7
45. Qxd7+ Kh6 46. Qd8 Qa1 $11) 44... Qb2 45. Qd5 Rg7 46. Qa8 Rf7 47. Qd5 Rg7
48. Qa8 Rf7 49. Qxa5 $138 Qc1 50. Qd2 Qh1+ 51. Qh2 Qf3 52. Qg1 (52. Qd2 Qh1+
53. Qh2 Qf3 54. Qg1 Rb7 (54... g5 55. hxg5 h4 56. Rd6) 55. Qd1 (55. Qa1 Rg7 56.
Qe1 g5) 55... Qxd1 56. Rxd1 Rxb3 57. Ra1) 52... f4 $6 $138 (52... Qg4+ 53. Kg2
Qf3+ 54. Kh2 Qe2+) (52... Rb7 53. Qd1 Qxd1 54. Rxd1 Rxb3 55. Ra1 Rb6 56. a5 Ra6
57. Kg2 Kg7 58. Kf2 Kf6 59. Ke2 Ke6 60. Kd2 Kd6 61. Kc3 Kc6 62. Kb3 Kb7 63. Ka4
Rd6 64. Rb1+ Ka7 (64... Ka6 65. Rb8 Rd3 66. Rb6+ Ka7 67. Rxg6 Rxe3 68. Kb5) 65.
Kb5) 53. exf4 $138 Rxf4 (53... e3 54. Qg2 Qg4+ 55. Kh2 Qe6 56. Qb2 Rg7 57. Qe2
Re7 58. a5 Qg4 59. Qb2 Rg7 60. Re8 Qf3 61. Qg2 $18) 54. Qd1 Qg4+ $6 $138 (54...
Rf7 55. Qxf3 exf3 56. Rd1 Rb7 57. Ra1 Rxb3 58. Kh2 $1 (58. a5 Re3 59. a6 f2 60.
Rf1 Ra3 61. Rxf2 Kg7 62. Rb2 Rxa6 63. Rb5 Rc6) 58... g5 59. hxg5 Kg6 60. a5 Rb8
61. a6 (61. Kg1 Kxg5 62. Kf2 Kg4 63. Ra2 Rh8 64. a6 h4 65. gxh4 Rxh4 66. Ke3
Rh8 67. a7 Re8+ 68. Kf2 Ra8 69. Ra3 Kf4 70. Rxf3+ Ke4 71. Ra3 Kd4 72. Ra4 Kc3
73. Ke3 Kb3 74. Ra1 Kxc4) 61... Kxg5 62. a7 Ra8 63. Kg1 Kf5 64. Kf2 Ke4 65. Ra4
Kd3 66. Kxf3 Kc3 67. Kf4 Kb3 68. Ra1 Kxc4 69. Kg5 Kb5 70. Kxh5 Kb6 71. g4 Rxa7)
55. Qxg4 hxg4+ 56. Kg2 Rf3 57. Re8 $138 (57. Rd5 $5 Rxb3 58. Rxc5 Ra3 59. a5
Ra2+ 60. Kf1 $18) 57... Rxb3 58. Rxe4 Rb2+ 59. Kf1 Rb4 60. Rxg4 Rxa4 61. Ke2
Kh6 62. Kd3 Ra8 63. Rg5 Rd8+ 64. Rd5 Rc8 65. Ke4 Kg7 66. Kf4 Kh6 67. Ke5 Rc6
68. Rd6 Rc8 69. g4 Kg7 70. Kd5 Kf7 71. h5 gxh5 72. gxh5 Ke7 73. Rc6 Rg8 74. Rg6
Rf8 75. Rg5 Rf6 76. Kxc5 Kd7 77. Rg7+ Kc8 78. Rg6 Rf4 79. h6 Rh4 80. Rg8+ Kc7
81. Rg7+ 1-0

[Event "close misr"]
[Site "?"]
[Date "2003.09.01"]
[Round "1"]
[White "Elgindy"]
[Black "medvegy, zoltan"]
[Result "1-0"]
[WhiteElo "2500"]
[BlackElo "2500"]
[PlyCount "63"]
[EventDate "2003.04.20"]

1. d4 e6 2. Nf3 c5 3. e3 Nf6 4. Bd3 Be7 5. O-O O-O 6. b3 cxd4 (6... Nc6 7. Bb2
cxd4 8. exd4 d5 9. Nbd2 b6 10. Ne5 Bb7 11. f4 Nb4 12. Be2 Rc8 13. c3 Nc6) 7.
exd4 b6 8. Re1 Bb7 9. c4 d6 10. Bb2 Nbd7 11. Nbd2 Re8 12. Nf1 d5 (12... Bf8 $5
13. Ng3 g6 14. Qe2 e5) 13. Ng3 Rc8 (13... Bb4 14. Nd2 (14. Rf1) 14... dxc4 15.
bxc4 Qc7 16. a3 Bd6 17. Nf3 Rad8 18. Qe2) 14. Qe2 Qc7 15. Rac1 Qb8 16. Ne5 dxc4
17. Bxc4 (17. bxc4 Nxe5 18. dxe5 Nd7 19. Qh5 $36) 17... Nf8 18. Nh5 Qa8 19. Rc3
$1 Nxh5 (19... Ng6 20. Nxf7 Bb4 21. Bxe6 Rxc3 22. Nd6+ Kh8 23. Nxf6 gxf6 24.
Nxe8 Qxe8 25. d5) (19... Ne4 20. Qg4 g6 21. Nxf7 Kxf7 22. Rf3+ Bf6 23. Rxe4
Bxe4 24. Rxf6+ Kg8 25. Rxe6 Bd5 26. Bxd5 Qxd5 27. Nf6+ $18) 20. Qxh5 g6 21. Rg3
Bd5 (21... Be4 22. d5 $1 exd5 23. Ng4 f6 24. Rxe4 $18) 22. Bd3 Bf6 23. Ng4 Bg7
(23... gxh5 24. Nxf6+ Kh8 25. Rg8#) 24. Nh6+ Bxh6 25. Qxh6 Qb7 (25... Qc6 26.
Ba3 Qc3 27. Rb1 Qc7 28. Ba6 Qc2 29. Re1 Rc3 30. Rc1 Qxa2 31. Rgxc3 Qxa3 32. Bb5
Rd8 33. Qg5 Qd6 34. Qf6 $18) 26. Ba3 f5 (26... f6 27. Bxf8 Rxf8 28. Bxg6) 27.
h4 (27. Bd6 $1 Qg7 28. Qxg7+ Kxg7 29. Bb5 Bc6 30. Ba6 Rcd8 31. Bc7 Rd5 32. Be2
Ra5 33. Rc3 Bd5 34. a4 Kf7 35. Bd6) 27... Qg7 28. Qf4 Nd7 (28... e5 29. dxe5
Ne6 30. Qd2 f4 31. Rg4 Qf7 32. Bd6 Bb7 33. a4 f3 34. g3 a6 35. Bc4 $18) 29. Bd6
Nf6 (29... h6 30. Bb5) 30. Be5 Nh5 (30... Qe7 31. Qh6 Ng4 (31... Qf8 32. Qg5
Nd7 33. h5 Nxe5 34. Rxe5 Qg7 (34... f4 35. Rg4 Rc3 36. Rxf4 Qg7 37. Be4) 35.
Bxf5) 32. Rxg4 fxg4 33. Bxg6 Red8 (33... Rf8 34. Qh5 Rfd8 35. Bd3 Qf7 36. Qxg4+
Kf8 37. Qg5 $18) 34. Bd3 Rd7 35. Bb5 Rdc7 36. Bxc7 Qxc7 (36... Rxc7 37. Re5 Kh8
38. Qf4 Rc8 39. Qxg4 Qg7 40. Rg5 Rc1+ 41. Bf1 Qf8 42. Qg3 $18)) (30... Qf7 31.
Qg5 Ng4 32. Rxg4 fxg4 33. h5 h6 (33... Qe7 34. Bf6 Qb4 35. Rd1) 34. Qxh6 Qh7
35. Qxh7+ Kxh7 36. Bxg6+ Kh6 37. Bf4+ Kg7 38. Bxe8 Rxe8 39. Rc1 Rf8 40. Rc7+
Rf7 41. Be5+ Kg8 42. Rc8+ Rf8 43. Rxf8+ Kxf8 44. f3 gxf3 45. g4 Be4 46. g5 Kg8
47. g6 b5 48. Kf2 b4 49. Ke3 Bb1 50. Kxf3 $18) 31. Qg5 $18 h6 32. Qxh5 1-0

[Event "1st Misr Closed"]
[Site "Cairo"]
[Date "2003.09.07"]
[Round "8"]
[White "Elgindy"]
[Black "Jonkman"]
[Result "1-0"]
[WhiteElo "2500"]
[BlackElo "2424"]
[PlyCount "43"]
[EventDate "2003.09.??"]
[EventRounds "11"]
[EventCountry "EGY"]

1. c4 Nf6 2. Nc3 c6 3. d4 d5 4. e3 e6 5. Qc2 Nbd7 6. Bd2 Be7 (6... Bd6 7. e4
Nxe4 8. Nxe4 dxe4 9. Qxe4 c5 10. Nf3 (10. Bc3 Nf6 11. Qh4 cxd4 12. Qxd4 e5)
10... Nf6 11. Qc2 cxd4 12. Nxd4 Bc5 13. Nb3 Be7 14. Be2 Qc7 15. O-O Bd7 16.
Rac1 Rc8 17. Nd4 O-O 18. Bc3 Rfd8 19. Nf5) 7. Nf3 O-O 8. e4 (8. O-O-O Re8 9. e4
Nf8 10. e5 N6d7 11. h4 Nb6 12. g4 Nxc4 13. Bxc4 dxc4 14. g5) 8... dxe4 9. Nxe4
c5 10. Nxc5 Nxc5 11. dxc5 Qc7 $6 (11... Bxc5 12. Bd3 h6 13. O-O b6 14. Bc3 Bb7
15. Rad1 Qe7 16. Ne5 Rfd8 17. a3 a5 18. Rfe1 Rac8 19. Qe2 $14) 12. Bc3 Qxc5 13.
Bd3 b6 14. O-O (14. Bxf6 Bxf6 15. Bxh7+ Kh8 16. Be4 Rb8 17. Rd1 b5) 14... Bb7
15. Ne5 Rad8 16. Rfe1 Qc8 17. Re3 Qa8 (17... Bc5 18. Rg3 Bd4 19. Ng4 (19. Qd2
$5 g6 (19... Bxc3 20. Rxg7+ Kxg7 21. Qg5+ Kh8 22. Qxf6+ Kg8 23. bxc3 Rxd3 24.
Ng4 h6 25. Nxh6+ Kh7 26. Ng4 Qd8 27. Qh6+ Kg8 28. Nf6+ Qxf6 29. Qxf6 $18) 20.
Bxg6 hxg6 21. Bxd4) 19... Bxc3 20. bxc3 Nxg4 21. Bxh7+ Kh8 22. Rxg4 Qc5 23. Rh4
Qg5 24. g3 Rd2 25. Qb1 $16) 18. Rae1 $1 $18 Rxd3 (18... Bxg2 $6 19. Rg3 Bb7 20.
Ng4 (20. Qc1 $5 g6 (20... Be4 21. Bxe4 Nxe4 22. Nc6 Bf6 23. Bxf6 Nxf6 24. Rxg7+
Kh8 25. Nxd8 Qxd8 26. Rg3) 21. Qh6 Rxd3 22. Rxd3 Rd8 23. Rg3 Qc8 24. Qf4 Ba8
25. Rge3 Qb7 26. f3 $16) 20... Nh5 21. Bxh7+ Kh8 22. Bxg7+ Nxg7 23. Rh3 $18) (
18... Bc5 $5 19. Rh3 $1 (19. Rg3 Bd4 20. Bxd4 Rxd4 21. Qd2 Be4 22. Qg5 Bg6 23.
Bxg6 hxg6 24. b3 $14) 19... h6 (19... g6 20. Qc1 Bxg2 21. Rg3 Bb7 22. Qg5 Be7
23. Bxg6) 20. Qc1 Be4 (20... Bd4 21. Rg3 Kh8 22. Bb4 (22. Bd2 Ne4 23. Rxe4 Bxe4
24. Bxh6 Bxe5 25. Qg5 $18) 22... Bc5 23. Bxc5 bxc5 24. Qe3 Qc8 25. Rg6 Nh7 26.
Qg3 $18) 21. Qf4 $16) (18... g6 19. Bxg6 fxg6 20. Nxg6 Rd7 21. Rxe6) (18... h6
19. Rg3 Ne8 (19... a5 20. Ng4 Nxg4 21. Rxg4 f6 22. Bh7+ Kh8 23. Qg6 Rg8) (19...
h5 20. Qc1) 20. Bh7+ Kh8 21. Bg6 Kg8 (21... Nd6 22. Bxf7 Rxf7 23. Nxf7+ Nxf7
24. Qg6 Bf8 25. Bxg7+) 22. Nxf7 Rxf7 23. Bxf7+ Kxf7 24. Qg6+ Kg8 25. Bxg7) 19.
Qxd3 Bxg2 20. Nd7 $18 Nxd7 21. Qxd7 Bh4 22. Qd4 {22. Bf6 23.Qf6!} 1-0

[Event "moroc"]
[Site "?"]
[Date "2005.05.23"]
[Round "7"]
[White "Elgindy"]
[Black "Hamdochi"]
[Result "1-0"]
[WhiteElo "2506"]
[BlackElo "2566"]
[PlyCount "91"]
[EventDate "2004.06.19"]

1. d4 e6 2. c4 c5 3. d5 exd5 4. cxd5 d6 5. Nc3 g6 6. e4 Bg7 7. f4 Qh4+ 8. g3
Qe7 9. e5 $1 $146 {Diagram #} dxe5 (9... a6 10. Ne4 $1 dxe5 11. d6 Qd8 12. fxe5
$1 Nc6 (12... Bxe5 13. Nf3 Bg7 14. Bc4 Nf6 15. Nxf6+ $1 (15. Neg5 O-O 16. Ne5
Nbd7 (16... Qe8 17. Qe2 Be6 18. Nxe6 fxe6 19. Nd3 Nbd7 20. Qxe6+ Kh8 21. O-O b5
22. Bd5 Nxd5 23. Rxf8+ Qxf8 24. Qxd5 Bd4+ 25. Kg2 Re8) 17. Ngxf7 Qe8 18. Qe2
Nxe5 19. Nxe5+ Kh8 20. Nf7+ Kg8 21. Ng5+ Kh8 22. Qe7 b5 23. O-O Qxe7 24. dxe7
Re8 25. Nf7+ Kg8) 15... Qxf6 16. O-O $1 (16. Qe2+ Be6 17. Ng5 O-O 18. Nxe6 fxe6
19. Qxe6+ Qxe6+ 20. Bxe6+ Kh8) 16... O-O 17. Bg5 Qxb2 18. Rb1 Qc3 19. Rc1 Qb4
20. Be7 $16 Bh3 21. Bxf8 Bxf1 22. Qxf1 Kxf8 23. Ng5 $18) 13. Nf3 Nxe5 14. Nxe5
Bxe5 15. Qd5 Bd4 16. Bg5 Qa5+ 17. Bd2 Qb6 18. d7+ Bxd7 19. Nd6+ Ke7 20. Qxf7+
$18) 10. d6 Qe6 (10... Qd8 11. fxe5 Nc6 (11... Bxe5 12. Nb5 Na6 13. Qe2 f6 14.
Bf4 Kf8 15. Bxe5 fxe5 16. Nf3 Bg4 17. Bg2 Nf6 18. Qxe5 Qa5+ 19. Kf2) 12. Nf3
Bg4 13. Nb5) 11. Nb5 (11. Bh3 $1 f5 12. Nf3 $1 e4 (12... exf4+ 13. Kf2 fxg3+
14. hxg3 Kd7 (14... Kf8 15. Re1 Qd7 (15... Qf6 16. Bg5 Qf7 17. Be7+ Nxe7 (17...
Ke8 18. d7+ Nxd7 19. Bxc5+ Kd8 20. Ng5) 18. dxe7+) 16. Ne5 Bxe5 17. Rxe5 b6 18.
Bf4 Nc6 19. Bg2 Bb7 20. Nd5 $36) 15. Re1 Qxd6 16. Bf4 Bd4+ 17. Kg2 $18) (12...
Nc6 13. Nb5) (12... Bd7 13. Ng5 Qf6 (13... Qc4 14. Bf1 Qd4 (14... Qb4 15. Qd5
Nh6 16. Ne6) 15. Qb3) 14. Qb3 Nc6 15. Nd5 Qxd6 16. Nc7+ Qxc7 17. Qf7+ Kd8 18.
Qxg7) 13. Ng5 Qd7 (13... Qc4 14. Nd5 Na6 15. Bf1 Qd4 16. Bxa6 Qxd1+ 17. Kxd1
bxa6 18. Nc7+) 14. Ncxe4 Qc6 15. Qe2 Kf8 16. Be3 $1 (16. Qc4 $5 Nh6 17. Qxc5)
16... Na6 (16... fxe4 17. Qc4 Nh6 18. Bxc5 Bd7 19. Bxd7 Qxd7 20. Ne6+ Kg8 21.
Nxg7+ Kxg7 22. Bd4+ $18) 17. Qc4 Nh6 18. O-O-O Bd7 (18... b5 19. Qc2 Bd7 20.
Nxc5 Nxc5 21. Qxc5 Qxc5+ 22. Bxc5 Rc8 23. b4 a5 24. a3 axb4 25. axb4 Nf7 26.
Nxf7 Kxf7 27. Rhe1 Rhe8 28. Bg2 $18) 19. Nc3 $16 Re8 20. Rhe1 Bf6 21. Nd5 b5
22. Qc2 $18) 11... exf4+ 12. Ne2 (12. Kf2 fxg3+ 13. hxg3 Na6) 12... Na6 13. Bg2
f3 (13... fxg3 14. O-O gxh2+ 15. Kh1 Nf6 16. Nf4 Qd7 17. Qe2+ Kf8 18. Bd2 Qe8
19. Qc4 Ng4 20. Rae1 Be5 21. Nd5) 14. Bxf3 Nh6 15. O-O (15. d7+ Qxd7 16. Nd6+
Kf8 17. O-O Nf5) 15... O-O 16. Nf4 (16. Nec3 Nf5 17. d7 Qxd7 (17... Bxd7 18.
Re1 Be5 19. Rxe5 Qxe5 20. Qxd7 Qe1+ 21. Kg2) 18. Qxd7 Bxd7 19. Bxb7 Nb4 20.
Bxa8 Rxa8 21. Rd1 Nd4 22. Nxd4 Bxd4+ 23. Kg2 Bc6+ 24. Kh3 Bd7+) 16... Qd7 17.
a4 (17. Qb3 Nf5 18. Nd5 Nxd6 19. Nxd6 Qxd6 20. Bf4 Bd4+ 21. Kh1 Qd8 22. Bg2 $44
) 17... Nf5 (17... Nb4 18. Nd5 Nf5 19. Nxb4 cxb4 20. Bf4 Bxb2 21. Rb1 Bf6 22.
Rxb4 $16) 18. Bg4 (18. Be4 Nd4 19. Nd5 f5) 18... Qd8 19. Nh5 (19. Qd5 Rb8 (
19... Nxd6 20. Bxc8 Nxc8 21. Qxb7) 20. Nh5 Be6 21. Qd1 Bh8 22. Bxf5 Bxf5 23.
Rxf5 gxf5 24. Qf3 $44) 19... Nxd6 (19... Bh8 20. Bxf5 (20. Qd5 Nxg3 21. Nxg3
Bxg4 22. Bh6) 20... Bxf5 21. Rxf5 gxf5 22. Qf3 (22. Qd2 c4 23. Qf4 Re8 24. Qxf5
Re6) 22... Qd7 23. Bg5 Qe6 24. Rd1 Qe4 25. Qxe4 fxe4 26. Nf6+ Kg7 27. d7 h6 28.
Bh4 Kg6 29. Nxe4 Rfd8 30. Bxd8 Rxd8 31. Rd6+ Kh7 32. b3 f5 33. Nd2 $16) (19...
Be5 20. Qd5 Re8 21. Ra3 (21. Bxf5 Bxf5 22. Rxf5 gxf5 23. d7 (23. Bd2 Bxb2 (
23... Nb4 24. Bxb4 cxb4 25. Nc7 Qxd6 26. Qxd6 Bxd6 27. Nf6+ Kf8 28. Nfxe8) 24.
Rf1 Qd7 25. Bc3 Bxc3 26. Nxc3 Qe6 27. d7 Red8 28. Rxf5 Kh8 29. Rxf7 $18) 23...
Re6) 21... Bd7 22. Bxf5 Bxf5 23. Re3) 20. Nxg7 Kxg7 21. Nxd6 (21. Bxc8 $1 Nxc8
22. Qf3 (22. Bd2 f6 23. Qf3 Qd7 (23... Nd6 24. Rad1 $18) 24. Bg5 Nb6 25. Bxf6+
Kg8 26. Rad1 Qc6 27. a5 Qxf3 28. Rxf3 Nc4 29. Rd7 Rf7 30. Rxf7 Kxf7 31. Bc3+
Ke6 (31... Ke7 32. b3 $18) 32. b3 $18) (22. Bd2 f6 23. Qc1 Rf7 24. Bc3 Nb4)
22... Qe7 23. b3 (23. Bd2 f5 24. Bc3+ Kg8 25. Rfe1 Qf7 26. Qf4 h5 27. Rad1 Kh7
28. Rd2 b6 29. Red1 Ne7 30. Qg5 $18) 23... f6 24. Bb2 Nb4 25. Rae1 Qf7 (25...
Qd7 26. Bxf6+ Kg8 27. Rd1 Qf7 28. Qe4 $18) 26. Bxf6+ Kg8 27. Qd1) 21... Bxg4
22. Qd5 f6 (22... Qd7 23. Re1 Rad8 24. Bf4 f6 25. Ra3) 23. Qxb7+ Nc7 24. Bf4
Qd7 (24... g5 25. Nb5 gxf4 26. Rxf4) 25. Rae1 Kg8 26. Ne4 Nd5 27. Qxd7 Bxd7 28.
Bh6 (28. Nxc5 Bh3 29. Rf2 Rfe8 30. Rfe2 Rxe2 31. Rxe2 Rc8 32. Bd6 Rc6 33. Re8+
Kf7 34. Rf8+ Kg7 35. Rd8) 28... Rfe8 29. Nxc5 Bh3 30. Rxe8+ Rxe8 31. Rd1 Re5
32. Rd4 $138 (32. Nd3 Re2 33. Rd2 Re4 34. Nc5 Re5 $11) 32... Rf5 33. Rd1 g5 34.
Ne4 Rf3 $4 $138 (34... Re5 35. Rxd5 Rxe4 36. Ra5 Re2 (36... Re7 37. b4 Kf7 38.
b5 Re8 39. Rxa7+ Kg6 40. Bg7 Rg8 41. b6 $18) 37. Rxa7 Rg2+ 38. Kf1 Rxb2+ 39.
Ke1 Rxh2 40. Bg7 f5 41. Bh6 f4 42. Rg7+ Kh8 43. gxf4 gxf4 44. Rf7 Be6 45. Rf8+
Bg8 46. Bxf4 $11) (34... a6 35. Nf2 Ne3 36. Rd8+ Kf7 37. Rd7+ Ke6 38. Rxh7 Bf1
39. Bf8) 35. Bxg5 Bf5 36. Nxf6+ Nxf6 37. Bxf6 Bc2 38. Rd8+ Kf7 39. Bc3 Bxa4 40.
Ra8 Rd3 41. Rxa7+ Bd7 42. Kf2 Ke7 43. Ra5 Kf7 44. Rg5 Kf8 45. Ke2 h6 46. Ra5
1-0

[Event "zambia"]
[Site "?"]
[Date "2005.11.12"]
[Round "7"]
[White "Elgindy"]
[Black "Rizouk, A."]
[Result "1-0"]
[WhiteElo "2524"]
[BlackElo "2499"]
[PlyCount "79"]
[EventDate "2004.06.19"]

1. d4 Nf6 2. Nf3 e6 3. c4 b6 4. g3 Ba6 5. Qa4 c5 6. Bg2 Bb7 7. dxc5 Bxc5 8. O-O
O-O 9. Nc3 Be7 10. Bf4 Na6 11. Rac1 Nc5 12. Qc2 Qc8 13. Rfd1 Nce4 14. Nd4 Nxc3
(14... Nxf2 15. Kxf2 e5 16. Bxe5 Ng4+ 17. Kg1 Nxe5 18. Qf5 Bxg2 19. Kxg2 Qb7+
20. Nd5 Nc6 21. Qf3 (21. Nf3 $5) 21... Rfe8 22. Nf5 $16) 15. Qxc3 Bxg2 (15...
a6 16. Qb3 Bxg2 17. Kxg2 Qb7+ 18. Qf3 Ra7 19. Qxb7 Rxb7 20. f3 Rc8 21. e4 Ne8 (
21... d6)) 16. Kxg2 Qb7+ (16... a6 17. Qf3 Ra7 18. g4 Qb7 19. Qxb7 Rxb7 20. f3
Rc8 21. e4 d6 22. Nb3 Ne8 23. a4 $14) 17. Qf3 Ne4 18. Nb5 Bc5 (18... f5 19. Nd6
Bxd6 20. Bxd6 Rf6 21. b3 $14) 19. Nd6 Bxd6 20. Bxd6 Rfc8 (20... Nxd6 21. Rxd6
Qc7 22. Qd3 Rfd8 23. Rd1) 21. Bf4 (21. Rd4 Nxd6 22. Rxd6 Qxf3+ 23. Kxf3 Rc7 24.
b3 Kf8 25. Rcd1 Ke7 26. e4) 21... Rc5 (21... d5 22. cxd5 (22. Rd4 $14) 22...
Rxc1 23. Rxc1 Qxd5 24. Rc7 e5 25. Re7 exf4 26. Qxe4 Qxe4+ 27. Rxe4 fxg3 28.
hxg3 Kf8 29. Rc4 Rd8 $11) 22. Rd4 (22. b4 Rcc8 23. Rd4 d5 24. Rcd1) 22... d5
23. cxd5 exd5 24. Rcd1 Re8 (24... Rac8 25. Qxe4) 25. Kg1 h6 26. Be3 Re6 27. b4
Rf6 28. Qg2 Rc4 29. Rxc4 (29. Rxd5 Rxb4 30. Rd8+ Kh7 31. Bd4 Rg6) 29... dxc4
30. Rd4 Re6 31. Rxc4 Qd5 32. Rc8+ Kh7 33. a3 Rf6 34. Re8 Qd1+ 35. Qf1 Qc2 36.
Rd8 (36. Qc1 Qxc1+ 37. Bxc1 Nxf2 38. Bb2 Rf5 39. Re7 a5 40. Bd4 Nh3+ 41. Kg2
Ng5 42. Bxb6 axb4 43. axb4 $16) 36... Nc3 37. Rd2 Qb3 38. Qc1 Rc6 39. Qc2+ Qxc2
40. Rxc2 (40. Rxc2 Rc4 41. Kg2 b5 42. Bxa7 Nd5 43. Rxc4 bxc4 44. e4 $18) 1-0

[Event "Arab Ch"]
[Site "?"]
[Date "1995.??.??"]
[Round "?"]
[White "Hamdochi, H."]
[Black "Elgindy"]
[Result "0-1"]
[WhiteElo "2540"]
[BlackElo "2310"]
[Annotator "Mohamed,E"]
[PlyCount "146"]
[EventDate "1995.??.??"]
[EventType "game"]

{2944kB, f5book.ctg} 1. e4 c5 2. Nf3 d6 3. d4 cxd4 4. Nxd4 Nf6 5. Nc3 Nc6 6.
Bc4 Qb6 7. Nb3 e6 8. O-O Be7 9. Bf4 O-O 10. Kh1 Rd8 11. Bd3 Bd7 12. Bg3 Ne5 13.
f4 Nxd3 14. cxd3 Bc6 15. Rc1 a5 16. Bf2 Qa6 17. Nd4 Be8 18. a4 Rac8 19. Ndb5 b6
20. Bh4 Qb7 21. Qf3 Kh8 22. Qh3 Rc5 23. Bf2 Rcc8 24. Bd4 Ng8 25. f5 e5 26. Be3
Bc6 27. Rce1 Nf6 28. Bg5 d5 29. exd5 Nxd5 30. Bxe7 Qxe7 31. Nxd5 Bxd5 32. Nc3
Ba8 33. d4 f6 34. dxe5 fxe5 35. Re2 Rc4 36. Qg3 Re8 37. Rfe1 e4 38. h3 Rd4 39.
Qf4 h6 40. Kh2 Bb7 41. Re3 Bc6 42. Kg1 Rb4 43. R1e2 Rd4 44. Kh2 Kg8 45. Rg3 Qd6
46. Qxd6 Rxd6 47. Rge3 Rd4 48. b3 Rb4 49. Na2 Rd4 50. Nc3 Rd3 51. Rxd3 exd3 52.
Rxe8+ Bxe8 53. Nb1 Kf7 54. Kg3 Bc6 55. Kf2 Kf6 56. g4 Ke5 57. Ke3 Bg2 58. Nd2
Bxh3 59. Nc4+ Kd5 60. Nxb6+ Kc5 61. Nd7+ Kb4 62. Kxd3 Bxg4 63. Ke4 Kxb3 64. Nb6
Bh5 65. f6 gxf6 66. Kf5 Be8 67. Kxf6 Kb4 68. Nd5+ Kxa4 69. Nc7 Bc6 70. Kg6 Kb4
71. Ne6 a4 72. Nd4 Be4+ 73. Kxh6 a3 0-1

[Event "cairo Egypt"]
[Site "?"]
[Date "1998.??.??"]
[Round "?"]
[White "Hamdochi, H."]
[Black "Elgindy"]
[Result "0-1"]
[WhiteElo "2535"]
[BlackElo "2460"]
[Annotator "Esam,M"]
[PlyCount "102"]
[EventDate "1998.??.??"]
[EventType "game"]

1. e4 c5 2. Nf3 d6 3. d4 cxd4 4. Nxd4 Nf6 5. Nc3 Nc6 6. Bc4 e5 7. Nf3 h6 (7...
Be6 8. Bb3 h6 9. O-O Be7 10. Re1 O-O 11. Nd5 Na5 12. Nxf6+ Bxf6 13. Bd5 Rc8 14.
c3 Qc7) 8. O-O Be7 9. Nh4 Ng4 $6 (9... Nd4 10. Be3 {0.47/9} Ng4 {0.50/9} 11.
Nf3 {0.50/10} Nxe3 {0.50/9} 12. fxe3 {0.72/9} Be6 {0.63/10} 13. Nd2 {
(Bxe6) 0.63/10} Qc8 {(Qb6) 0.66/10} 14. Bd5 {(Bxe6) 0.63/10} Nc6 {0.69/10} 15.
Bxe6 {0.44/10} Qxe6 {0.25/10} 16. Nd5 $14) (9... Bg4 {(Nd5) 0.28/10} 10. f3 {
0.16/11} Qb6+ {0.22/11} 11. Kh1 {0.13/12} Bd7 {0.28/11}) 10. Nf5 (10. Qf3 $5
Nf6) 10... Bxf5 11. exf5 Nf6 12. Be3 Rc8 13. Bb3 O-O 14. Qf3 a6 15. Rad1 Na5
16. Nd5 Nxb3 17. cxb3 Nxd5 18. Qxd5 Qc7 19. f4 Qc6 20. fxe5 Qxd5 21. Rxd5 dxe5
22. Rd7 Bg5 23. Bxg5 hxg5 24. Rxb7 Rfd8 25. g3 Rd2 26. Rf2 Rxf2 27. Kxf2 Rc2+
28. Kf3 Rxb2 29. a4 Rxh2 30. Rb6 Rd2 31. Ke3 Rg2 32. Kf3 Rc2 33. Kg4 Rc3 34. a5
f6 35. b4 Kh7 36. Kh3 Rb3 37. Rxa6 Rxb4 38. Rb6 Ra4 39. a6 Kh6 40. Re6 g4+ 41.
Kh4 g5+ 42. fxg6 Kxg6 43. Rb6 Kf5 44. Kh5 Ra2 45. Kh6 Ra3 46. Kg7 Rxg3 47.
Rxf6+ Ke4 48. Rg6 Rg1 49. Kf6 Kf4 50. Rg5 Ra1 51. Rf5+ Kg3 0-1